Döntéshozatal karrier kérdésekben Business Coaching támogatassal

Bibliográfiai részletek
Szerző: Deli Vivien
További közreműködők: Faragóné Lepp Katalin
Dokumentumtípus: Záródolgozat
Kulcsszavak:Döntéshozatal business coaching támogatással
Business coaching választás
Karrier kérdés
Online Access:http://dolgozattar.uni-bge.hu/7615

MARC

LEADER 00000nta a2200000 i 4500
001 dolg7615
005 20161121095752.0
008 161121suuuu hu o 000 hun d
040 |a BGE Dolgozattár Repozitórium  |b hun 
041 |a hu 
100 1 |a Deli Vivien 
245 1 0 |a Döntéshozatal karrier kérdésekben Business Coaching támogatassal  |c Deli Vivien  |h [elektronikus dokumentum] 
516 |a Final_paper 
695 |a Döntéshozatal business coaching támogatással 
695 |a Business coaching választás 
695 |a Karrier kérdés 
700 1 |a Faragóné Lepp Katalin  |e ths 
856 4 0 |u http://dolgozattar.uni-bge.hu/7615/1/Szakdolgozat%20Deli%20Vivien.pdf  |z Dokumentum-elérés 
856 4 0 |u http://dolgozattar.uni-bge.hu/7615/7/Titkos%C3%ADt%C3%A1si%20k%C3%A9relem_Deli%20Vivien.pdf  |z Dokumentum-elérés 
856 4 0 |u http://dolgozattar.uni-bge.hu/7615/8/Nyilatkozat.jpeg  |z Dokumentum-elérés